The Happy Fits Discography - Statistics

General Stats
  • This quiz has been taken 12 times
  • The average score is 31 of 54
Answer Stats
Awfully Apeelin' % Correct
Cruel Power
89%
Dirty Imbecile
89%
She Wants Me (To Be Loved)
89%
What Could Be Better
89%
Black Hole
78%
Heart of a Dancer
78%
Little One
78%
Sarah's Song
78%
The Nerve
78%
Wild in Love
78%
Best Tears
67%
Cold Turkey
67%
Do You See Me?
67%
Drink
67%
Everything You Do
67%
Go Dumb
67%
I Remember
67%
Lovesick #1 (Misery)
67%
Moving
67%
No Instructions
67%
Superior
67%
Tenderly
67%
Too Late
67%
Two of Many
67%
Dance Alone
56%
Do Your Worst
56%
Grow Back
56%
I Could Stare at You For Hours
56%
I'll Be Somewhere
56%
In The Lobby
56%
Right Through
56%
So Alright, Cool, Whatever
56%
While You Fade Away
56%
Achey Bones
44%
Around and Around
44%
Changes
44%
Get a Job
44%
Haunted Lust
44%
Hold Me Down
44%
Hungry People
44%
Long Way Down
44%
Mary
44%
Miss You
44%
Place In The World
44%
Relimerence
44%
Sailing
44%
Shake Me
44%
The Garden
44%
Wrong About Me
44%
Another Try
33%
I Still Think I Love You
33%
Little Words
33%
Reason for Dreaming
33%
Sweet Things
33%
No matching quizzes found
Score Distribution
Percent of People with Each Score
Percentile by Number Answered
Your Score History
You have not taken this quiz